000 00875nam a2200277 i 4500
001 65252
003 ES-MaACL
005 20250811100108.0
007 t|
008 040109s1984 sp ||||1| spa d
020 _a84-345-1349-8
100 1 _aFreedman, Alfred M.
_952418
245 1 0 _aCompendio de psiquiatría /
_cAlfred M. Freedman, Harold I. Kaplan, Benjamin J. Sadock ; traducción española por Jorge Freixas y Antonia Grimalt.
250 _a1ª ed. reimp.
260 _aBarcelona :
_bSalvat,
_c1984.
300 _a919 p. :
_bil. ;
_c27 cm.
500 _aIndice.
504 _aBibliografía.
650 0 7 _aPsiquiatría
_2embne
_916586
700 1 _aKaplan, Harold I.
_967516
700 1 _aSadock, Benjamin J.
_9101284
700 1 _aFreixas, Jorge.
_952484
700 1 _aGrimalt, Antonia.
_960046
852 _aES-MaACL
_jF-12487
999 _c65252
_d65252